000 00630nam a2200229Ia 4500
003 OSt
005 20220928120813.0
006 a|||||r|||| 00| 0
007 ta
008 220927b |||||||| |||| 00| 0 eng d
024 _a27422
037 _cTextual
040 _aSDCL
_cSDCL
_beng
041 _2eng
_aeng
082 _aQ20n6.2'N6, N6
100 _aGoel Sita Ram
_9394172
245 0 _aHistory of Hindu- Christian encounters AD304 to 1996.
260 _aNew Delhi
_bVoice of India
_c1996
300 _axii,530p.
_ccm.
942 _hQ20n6.2'N6, N6
_cTEXL
_2CC
999 _c765321
_d765321